000 01024nam a2200193 a 4500
001 4266
005 20180713184141.0
008 140415s1992 mx 000 0 spa d
020 _a9682437202
041 _aspa
082 _a300.018
_bBRI
100 1 _aBRIONES, GUILLERMO
245 1 0 _aMETODOS Y TECNICAS DE INVESTIGACION PARA LAS CIENCIAS SOCIALES
250 _a2a ed.
260 _aMEXICO :
_bTRILLAS,
_c1992
300 _a291
_c15 x 1.5 x 23
520 _aGUILLERMO BRIONES PRESENTA UNA AMPLIA GAMA DE PROCEDIMIENTOS PARA SER UTILIZADOS EN LA INVESTIGACIÓN EN CIENCIAS SOCIALES, ENFOCADOS A LA OBTENCIÓN Y ANÁLISIS DE INFORMMACIÓN CUANTITATIVA O CUANTIFICABLE EN LOS NIVELES INDIVIDUAL Y SOCIAL. EN VIRTUD DE QUE ESTA OBRA BUSCA EXCLUSIVAMENTE AYUDAR A RESOLVER LOS MUY VARIADOS PROBLEMAS QUE SE PRESENTAN EN EL PROCESO DE LA INVESTIGACIÓN SE HA TRATADO DE EVITAR ASPECTOS GENERALES QUE NO CAEN DENTRO DEL CAMPO METODOLÓGICO ASÍ LA INFORMACIÓN
650 1 4 _aCIENCIAS SOCIALES
_xINVESTIGACION
999 _c4266
_d4266